02364nam a22002777a 4500003000400000005001700004008004100021022001400062040001700076041001200093100002300105245015800128260004000286362008100326520109000407653003301497653003801530653001801568653002201586653001801608700002401626856016901650942000801819952024401827999001502071OSt20260512153851.0251023b |||||||| |||| 00| 0 eng d a1056-4926 aEnglishctbs aEnglish aLock, Irina926437 aDeliberative Lobbying? b: Toward a Noncontradiction of Corporate Political Activities and Corporate Social Responsibility?c/ Irina Lock and Peter Seele bJournal of Management Inquiryc2016 aJournal of Management Inquiry, 25(4), 415-430. DOI: 10.1177/1056492616640379 aRecently, researchers have claimed that food and beverage corporations should be excluded from the development of public health policy because their lobbying activities strategically undermine the promotion of public health. At the same time, recent political corporate social responsibility (CSR) theory holds that corporations have a responsibility to help solve global public issues. We address this described misalignment and show that corporations may fulfill this “new political role” if they turn to novel forms of corporate political activity (CPA) establishing a minimal standard for not contradicting their CSR. Therefore, we put forward a normative concept called deliberative lobbying based on discourse, transparency, and accountability, which aims to resolve public issues and advance CPA. In three lobbying cases, we show misalignments and contradictions that harm both society and the corporation. We position deliberative lobbing as an argument to maintain self-regulation against critics claiming that corporations should be excluded from all political processes. aCorporate political activity aSocial responsibility of business aFood industry aBeverage industry aPublic health aSeele, Peter926438 uhttps://bibliotheque.tbs-education.fr/Default/doc/bth/117610880/deliberative-lobbying-toward-a-noncontradiction-of-corporate-political-activities-and-corporate-soci 2lcc 00102lcc4070aTBSbTBSd2025-11-05l0r2025-11-05uhttps://bibliotheque.tbs-education.fr/Default/doc/bth/117610880/deliberative-lobbying-toward-a-noncontradiction-of-corporate-political-activities-and-corporate-sociw2025-11-05yARTICLE c5149d5149